000 01931cam a2200469 i 4500
001 21915661
003 OSt
005 20231204160600.0
008 210101s2021 ii b b 001 0 eng d
010 _a 2020331295
020 _a9788178245553
_q(Hardbound)
020 _z8178245558
025 _aI-E-2020331295; 49-92
035 _a(OCoLC)on1228505484
035 _a(OCoLC)1228505484
037 _bLibrary of Congress -- New Delhi Overseas Office
040 _aDKAGE
_beng
_erda
_cDKAGE
_dDKAGE
_dOCLCO
_dDLC
041 1 _aeng
_hhin
042 _alccopycat
_alcode
043 _aa-ii---
050 0 0 _aSD414.I5
_bP3813 2021
082 0 4 _a333.7516095451
_bPAT/C
100 1 _aPāṭhaka, Śekhara,
_d1951-
_eauthor.
_910014
240 1 0 _aHarī bharī ummīda.
_lEnglish
245 1 4 _aThe Chipko movement :
_ba people's history /
_cShekhar Pathak ; translated from the Hindi by Manisha Chaudhry ; edited and with an introduction by Ramachandra Guha.
264 1 _aRanikhet :
_bPermanent Black in association with Ashoka University, Bangalore,
_c[2021]
264 2 _aBangalore :
_bDistributed by Orient Blackswan Private Ltd
300 _axvii, 371 pages :
_bmaps (black and white) ;
_c22 cm
336 _atext
_btxt
_2rdacontent
337 _aunmediated
_bn
_2rdamedia
338 _avolume
_bnc
_2rdacarrier
504 _aIncludes bibliographical references (pages 317-359) and index.
546 _aTranslated from Hindi.
650 0 _aChipko movement
_zIndia
_zUttarakhand.
650 0 _aEnvironmentalism
_zIndia
_zUttarakhand.
650 0 _aForest conservation
_zIndia
_zUttarakhand.
700 1 _aChaudhry, Manisha,
_etranslator.
710 2 _aAshoka University,
_eissuing body.
906 _a7
_bcbc
_ccop yca t
_d3
_encip
_f20
_gy -gencatlg
942 _2ddc
_cBK
_h333.7516095451
_iPAT/C
_k333.7516095451
_mPAT/C
999 _c43840
_d43840